University Home | Library Home | Institutional Repository

The first industrial revolution. (Record no. 8329)

MARC details
000 -LEADER
fixed length control field 00730cam6a220024100 4500
001 - CONTROL NUMBER
control field zam00002378
008 - FIXED-LENGTH DATA ELEMENTS--GENERAL INFORMATION
fixed length control field 951128s1965 xx eng u
035 ## - SYSTEM CONTROL NUMBER
System control number (Sirsi) r19754
035 ## - SYSTEM CONTROL NUMBER
System control number (MACHINE)SLC.
100 ## - MAIN ENTRY--PERSONAL NAME
Personal name Deane, P.
Linkage A80757.1
245 14 - TITLE STATEMENT
Title The first industrial revolution.
260 ## - PUBLICATION, DISTRIBUTION, ETC.
Date of publication, distribution, etc. 1965.
591 ## -
-- Class code: H 240.
591 ## -
-- Course: Studies in the growth of capitalism.
591 ## -
-- School: S05.
591 ## -
-- Lecturer: Dr. KALIKITI, W.S.
591 ## -
-- Number of Students: 12.
949 ## - LOCAL PROCESSING INFORMATION (OCLC)
a HC255
w lcc
i 33729001477988
m MAIN
p 2500
t SHORTLOAN
l SHORTLOAN
949 ## - LOCAL PROCESSING INFORMATION (OCLC)
a HC255
w lcc
i -17890
m MAIN
t BOOK
l ON-SHELF
900 ## - EQUIVALENCE OR CROSS-REFERENCE-PERSONAL NAME [LOCAL, CANADA]
-- MAIN
Field link and sequence number HC255
-- DEA
Titles and other words associated with a name 2
909 ## -
-- Book
Holdings
Withdrawn status Lost status Source of classification or shelving scheme Damaged status Not for loan Home library Current library Shelving location Total Checkouts Full call number Barcode Date last seen Copy number Price effective from Koha item type
    Library of Congress Classification     Main Library Main Library Academic reserves/Short loan   HC255 33729001477988 08/12/2019 1 08/12/2019 Short Loan material
© 2026 - The University of Zambia Library - Koha v25.11